| Record ID | ia:whiteroadotherst0000hers |
| Source | Internet Archive |
| Download MARC XML | https://archive.org/download/whiteroadotherst0000hers/whiteroadotherst0000hers_marc.xml |
| Download MARC binary | https://www.archive.org/download/whiteroadotherst0000hers/whiteroadotherst0000hers_meta.mrc |
LEADER: 00544cam a22002054a 4500
001 2009483416
003 DLC
005 20091201120320.0
008 090901s2008 enk 000 1 eng
010 $a 2009483416
040 $aDLC$cDLC$dDLC
020 $a9781844714759
020 $a1844714756
050 00 $aPR6108.E78$bW45 2008
082 00 $a823/.92$222
100 1 $aHershman, Tania.
245 14 $aThe white road, and other stories /$cTania Hershman.
260 $aCambridge, U.K. :$bSalt,$c2008.
300 $a136 p. ;$c20 cm.
650 0 $aShort stories.